| 000 | 00650nam a22001337a 4500 | ||
|---|---|---|---|
| 040 | _cRUA | ||
| 082 | _aAED YAN 2015 B650 Or.1 | ||
| 100 | _aYANG SOMOUN យ៉ាង សំអូន | ||
| 245 | _athe study on households livelihoods in study khos commune tea, kok district, takeao province ការសិក្សារអំពីកម្រិតជីវភាពរស់នៅរបស់ប្រជាពរដ្ឋនៅក្នុងឃុំគុស ស្រុកត្រាំកក់ ខេត្តកណ្តាល | ||
| 260 |
_aRUA _bPhnom penh _c2015 |
||
| 300 |
_axi;45p _bill; _c29cm |
||
| 856 | _uYANG SOMOUN | ||
| 942 | _cAED | ||
| 999 |
_c18401 _d18401 |
||